00511nam a2200157Ia 4500003000900000008004100009040001600050080001300066100002100079245010900100260004200209300001600251650004100267650002000308650002500328IN-BaIIA211028s9999 xx 000 0 eng d cIIA Library a538bFER aFerraro, V. C. A 3aAn introduction to magneto-fluid mechanicscV. C. A. Ferraro  aOxfordbOxford University Pressc1961 aviii, 181p. aAstronomy and astrophysics thesaurus aFluid mechanics aMagnetohydrodynamics